000 00583nam a2200181 i 4500
001 79051
003 ES-MaACL
005 20230906173906.0
007 t|
008 041019s1957 sp |||| | spa d
100 1 _aHeisenberg, Werner.
_962398
245 1 3 _aLa imagen de la naturaleza en la física actual /
_cWerner Heisenberg ; traducción de Gabriel Ferraté.
260 _aBarcelona :
_bSeix Barral,
_c1957 (
_fI.G. Seix y Barral)
300 _a213 p. ;
_c17 cm.
650 0 4 _aFísica-
_xFilosofía.
_912881
700 1 _aFerraté, Gabriel.
_950333
852 _aES-MaACL
_jC-13494
999 _c79051
_d79051